000 008200000a22002170004500
003 dpl
005 2008103103563.0
008 081031t xxu||||| |||| 00| 0 eng d
010 _aENG-84700
020 _a0195672305
_c545.00 (hb)
035 _aEN-68233
082 _a338.9
245 _aEconomic theory in a changing world:
_bpolicymaking for growth /
_cedited by Sajal Lahiri and Pradip Maiti
260 _aNew Delhi
_bOxford University Press
_c2005
300 _axiv,263p
_c22cm
500 _aIncludes bibliographical references and index
700 _aLahiri, Sajal
_ced
700 _aMaiti, Pradip
_ced
942 _2ddc
_cEN
_h338.9
_mECO
999 _c18003
_d18003